书目信息 |
| 题名: |
历史的履痕
|
|
| 作者: | 郭存孝 , 周文杰 著 | |
| 分册: | ||
| 出版信息: | 天津 百花文艺出版社 2006.01 |
|
| 页数: | 174页 | |
| 开本: | 21cm | |
| 丛书名: | ||
| 单 册: | ||
| 中图分类: | K820.5 | |
| 科图分类: | ||
| 主题词: | 名人--ming ren--生平事迹--中国--近代 | |
| 电子资源: | ||
| ISBN: | 7-5306-4395-9 | |
| 000 | 00916nam0 2200241 450 | |
| 001 | 012007475572 | |
| 005 | 20070930111416.21 | |
| 010 | @a7-5306-4395-9@dCNY10.00 | |
| 100 | @a20070804d2006 km y0chiy0120 ea | |
| 101 | 0 | @achi |
| 102 | @aCN@b120000 | |
| 105 | @aac z 000yd | |
| 200 | 1 | @a历史的履痕@Ali shi de lu hen@e名人在历史激流中@f郭存孝, 周文杰著@Fguo cun xiao,zhou wen jie zhu |
| 210 | @a天津@c百花文艺出版社@d2006.01 | |
| 215 | @a174页@c图, 肖像@d21cm | |
| 330 | @a本书讲述近二十位近代历史名人在历史激流中的悲欢离合,有实现中华创举的容闳、潘德明等人,也有文化名人的爱情、生活之变迁。独立各章述说近代文人所表达的不可磨灭的人生痕迹。 | |
| 517 | 1 | @a名人在历史激流中@Aming ren zai li shi ji liu zhong |
| 606 | 0 | @a名人@Aming ren@x生平事迹@y中国@z近代 |
| 690 | @aK820.5@v4 | |
| 701 | 0 | @a郭存孝@Aguo cun xiao@4著 |
| 701 | 0 | @a周文杰@Azhou wen jie@4著 |
| 801 | 0 | @aCN@c20070930 |
| 905 | @dK820.5@eG787 | |
| 历史的履痕:名人在历史激流中/郭存孝, 周文杰著.-天津:百花文艺出版社,2006.01 |
| 174页:图, 肖像;21cm |
| ISBN 7-5306-4395-9:CNY10.00 |
| 本书讲述近二十位近代历史名人在历史激流中的悲欢离合,有实现中华创举的容闳、潘德明等人,也有文化名人的爱情、生活之变迁。独立各章述说近代文人所表达的不可磨灭的人生痕迹。 |
| ● |
| 相关链接 |
|
|
|
正题名:历史的履痕
索取号:K820.5/G787
 
预约/预借
| 序号 | 登录号 | 条形码 | 馆藏地/架位号 | 状态 | 备注 |
| 1 | 255820 | 202558204 | 社科库309/309社科库 44排7列1层/ [索取号:K820.5/G787] | 在馆 | |
| 2 | 255821 | 202558213 | 社科库309/309社科库 44排7列1层/ [索取号:K820.5/G787] | 在馆 | |
| 3 | 255822 | 202558222 | 社科库309/309社科库 44排7列1层/ [索取号:K820.5/G787] | 在馆 |